|
|
|
|
| LEADER |
00790nab a2200229 i 4500 |
| 001 |
publ38391 |
| 005 |
20260116093456.0 |
| 008 |
251127s2025 hu o 000 eng d |
| 022 |
|
|
|a 1462-3730
|
| 024 |
7 |
|
|a 10.32604/ijmhp.2025.071931
|2 doi
|
| 024 |
7 |
|
|a 36456155
|2 mtmt
|
| 040 |
|
|
|a SZTE Publicatio Repozitórium
|b hun
|
| 041 |
|
|
|a eng
|
| 100 |
1 |
|
|a Berkes Istvan
|
| 245 |
1 |
2 |
|a A Double-Edged Sword
|h [elektronikus dokumentum] :
|b A Scoping Review of the Mental Health Aspects of Parentification /
|c Berkes Istvan
|
| 260 |
|
|
|c 2025
|
| 300 |
|
|
|a 17
|
| 300 |
|
|
|a 1627-1643
|
| 490 |
0 |
|
|a INTERNATIONAL JOURNAL OF MENTAL HEALTH PROMOTION
|v 27 No. 11
|
| 650 |
|
4 |
|a Pszichológia
|
| 700 |
0 |
1 |
|a Pikó Bettina
|e aut
|
| 856 |
4 |
0 |
|u http://publicatio.bibl.u-szeged.hu/38391/1/IJMHP_71931.pdf
|z Dokumentum-elérés
|